000 01995cam a2200445 a 4500
001 15055684
005 20170105102911.0
008 071023s2008 nyu b 001 0 eng
010 _a 2007044187
020 _a9780231700320 (cloth : alk. paper)
020 _a0231700326 (cloth : alk. paper)
035 _a(OCoLC)ocn176861848
035 _a(OCoLC)176861848
040 _aDLC
_cDLC
_dDLC
041 1 _aeng
_hfre
043 _aaw-----
_an-us---
050 0 0 _aDS63.1
_b.R6913 2008
082 0 0 _a956.05/4
_222
084 _a89.75
_2bcl
100 1 _aRoy, Olivier,
_d1949-
240 1 0 _aCroissant et le chaos.
_lEnglish
245 1 4 _aThe politics of chaos in the Middle East /
_cOlivier Roy ; translated from the French by Ros Schwartz.
260 _aNew York :
_bColumbia University Press :
_bIn association with the Centre d'études et de recherches internationales, Paris,
_cc2008.
300 _a167 p. ;
_c23 cm.
440 4 _aThe CERI series in comparative politics and international studies
504 _aIncludes bibliographical references and index.
505 0 _aWho is the enemy? where is the enemy? -- The Middle East : fragmentation of conflicts and new fault lines -- Iran poised between the nuclear bomb and bombardment -- In the meantime, al-Qaeda--.
650 0 _aIslam and politics
_zMiddle East.
650 0 _aWar on Terrorism, 2001-2009.
650 0 _aIraq War, 2003-2011.
650 0 _aWorld politics.
651 0 _aMiddle East
_xPolitics and government
_y21st century.
651 0 _aUnited States
_xPolitics and government
_y2001-2009.
651 0 _aMiddle East
_xForeign relations
_zUnited States.
651 0 _aUnited States
_xForeign relations
_zMiddle East.
856 4 1 _3Table of contents only
_uhttp://www.loc.gov/catdir/toc/ecip083/2007044187.html
906 _a7
_bcbc
_corignew
_d1
_eecip
_f20
_gy-gencatlg
942 _2ddc
_cBK
999 _c15116
_d15116